000 00717cam a2200241 a 4500
001 000007658
005 20200929154241.0
008 940516s1992 sp 000 f spa d
020 _a8433909401
040 _aDO-SdBNP
_cDLC
082 _a863.64
_bC112c
100 1 _aCaballero Bonald, José Manuel,
_d1928-
_99887
245 1 0 _aCampo de Agramante /
_cJosé Manuel Caballero Bonald.
260 _aBarcelona :
_bAnagrama,
_cc1992.
300 _a298 p. ;
_c22 cm.
490 1 _aNarrativas hispánicas
_v130
650 4 _aNovela española
_91123
650 4 _aLiteratura española
_9632
830 0 _aNarrativas hispánicas ;
_v130
_921236
910 _aCatalogación por copia / LC
910 _aWM
049 _aBNGR
999 _c7438
_d7438